[Event "Dhaka Metropolis op U2100"]
[White "Hossain, Kazi Iquball"]
[Black "Mukitul, Islam Ripon"]
[Site "Dhaka"]
[Round "3"]
[Result "0-1"]
[Date "2022.10.19"]
[WhiteElo "1619"]
[BlackElo "1914"]
[PlyCount "94"]
[EventDate "2022.10.17"]
[EventType "swiss"]
[EventRounds "9"]
[EventCountry "BAN"]
[SourceTitle "EXT 2024"]
[Source "ChessBase"]
[SourceDate "2023.10.10"]
[SourceVersion "1"]
[SourceVersionDate "2023.10.10"]
[SourceQuality "1"]

1. d4 d5 2. Bf4 Bf5 3. e3 e6 4. c4 c6 5. Nc3 Bd6 6. Bxd6 Qxd6 7. c5 Qc7 8. Nf3 Nd7 9. Nh4 Bg6 10. f4 Ngf6 11. Nxg6 hxg6 12. b4 Nh5 13. Qf3 b5 14. a4 bxa4 15. Rxa4 0-0 16. Bd3 a5 17. b5 cxb5 18. Nxb5 Qc6 19. 0-0 Rfb8 20. Rb1 Nhf6 21. Qe2 Ne4 22. Rba1 g5 23. Rxa5 Rxa5 24. Rxa5 gxf4 25. exf4 Ndxc5 26. dxc5 Qxc5+ 27. Kf1 Qc1+ 28. Qe1 Qxf4+ 29. Kg1 Nc5 30. Bf1 Nb3 31. Ra2 Rc8 32. Rf2 Qb8 33. Qe3 Nc5 34. Qf4 Qxf4 35. Rxf4 e5 36. Rxf7 Kxf7 37. Nd6+ Ke6 38. Nxc8 e4 39. Kf2 Na4 40. Na7 d4 41. Nb5 Ke5 42. Ke2 Nc5 43. Na3 Kd5 44. g3 Na4 45. h4 Nb6 46. Kd2 Nd7 47. Nc4 Nc5 0-1